|
|
|
|
| LEADER |
01797nam a22003017a 4500 |
| 001 |
41789 |
| 003 |
BD-DhAAL |
| 008 |
230927t1998 bg 001 0 ben d |
| 040 |
|
|
|a BD-DhAAL
|c BD-DhAAL
|
| 041 |
|
|
|a ben
|
| 082 |
|
|
|a 909.08
|
| 100 |
|
|
|a টয়েনবি, আর্নল্ড,
|d ১৮৮৯-১৯৭৫.
|9 55611
|
| 245 |
|
|
|a সৃজনমূলক জীবনের দিকে :
|b একটি কথোপকথন /
|c আর্নল্ড টয়েনবি এবং দাইপাকু ইকেদা ; মুখবন্ধ আনিসুজ্জামান ; সম্পাদক, রিচার্ড এল. গেজ ; অনুবাদক দ্বিজেন্দ্রনাথ বক্সী.
|
| 246 |
|
|
|a Srijonmulak jeebaner dike :
|b a Bengali translation of choose life
|
| 260 |
|
|
|a ঢাকা :
|b ইউনিভার্সিটি প্রেস,
|c ১৯৯৮.
|
| 300 |
|
|
|a ৩১৭ পৃষ্ঠা ;
|c ২২ সে.মি.
|
| 500 |
|
|
|a নির্ঘণ্ট অন্তর্ভুক্ত।
|
| 526 |
|
|
|a BIED
|
| 541 |
|
|
|a Complimentary copy from BIED
|e 41789
|
| 650 |
|
|
|a Civilization, Modern.
|
| 700 |
|
|
|a ইকেদা, দাইপাকু,
|d ১৯২৮-
|9 55612
|
| 700 |
|
|
|a আনিসুজ্জামান.
|
| 700 |
|
|
|a গেজ, রিচার্ড এল.,
|e সম্পাদক.
|9 55613
|
| 700 |
|
|
|a বক্সী, দ্বিজেন্দ্রনাথ.
|9 55614
|
| 852 |
|
|
|a Ayesha Abed Library
|c BIED Collection
|
| 942 |
|
|
|2 ddc
|c BK
|
| 999 |
|
|
|c 46183
|d 46183
|
| 952 |
|
|
|0 0
|1 0
|2 ddc
|4 0
|6 909_080000000000000_TOY
|7 0
|9 74476
|a BRACUL
|b BRACUL
|c GEN
|d 2023-09-27
|e Complimentary copy from BIED
|g 300.00
|l 0
|o 909.08 TOY
|p 3010041789
|r 2023-09-27
|t 1
|w 2023-09-27
|y BK
|x Transferred from BIED to General Stacks
|